Plante à fleur - Espèces - Statistiques

Statistiques générales
  • Ce quiz a été pris 13 fois
  • Le résultat moyen est 13 sur 215
Statistiques - réponses
Par images Réponse % Correct
Coquelicot
67%
Narcisse jaune
67%
Pâquerette
56%
Pissenlit
56%
Fraisier des bois
44%
Digitale pourpre
33%
Framboisier
33%
Lamier blanc
33%
Marguerite commune
33%
Arum tacheté
22%
Carotte sauvage
22%
Fraisier des Indes
22%
Geranium Herbe à Robert
22%
Grande ortie
22%
Lamier pourpre
22%
Mouron des oiseaux
22%
Perce-neige
22%
Ronce commune
22%
Trèfle rampant
22%
Véronique de Perse
22%
Achillée millefeuille
11%
Ail des ours
11%
Angélique des bois
11%
Arum d’Italie
11%
Aubépine monogyne
11%
Benoîte commune
11%
Berce du Caucase
11%
Bourse à pasteur
11%
Brunelle commune
11%
Camomille sauvage
11%
Cardamine des prés
11%
Centaurée bleuet
11%
Chicorée sauvage
11%
Cirse commun
11%
Epervière piloselle
11%
Eupatoire chanvrine
11%
Euphorbe des bois
11%
Faux-fraisier
11%
Fumeterre officinale
11%
Gaillet gratteron
11%
Genêt à balais
11%
Geranium mollet
11%
Grande bardane
11%
Grande ciguë
11%
Herbe à la coupure
11%
Laiteron épineux
11%
Laiteron maraicher
11%
Lamier jaune
11%
Lathrée clandestine
11%
Lierre terrestre
11%
Merisier
11%
Monnaie-du-pape
11%
Morelle douce-amère
11%
Morelle noire
11%
Orchis tâcheté
11%
Origan commun
11%
Orpin âcre
11%
Oseille sauvage
11%
Pensée sauvage
11%
Petite ciguë
11%
Petite lentille d’eau
11%
Plantain à larges feuilles
11%
Plantain lancéolé
11%
Plantain moyen
11%
Porcelle enracinée
11%
Potentille rampante
11%
Primevère élevée
11%
Primevère officinale
11%
Renoncule âcre
11%
Sauge des prés
11%
Séneçon commun
11%
Seneçon jacobée
11%
Silène dioïque
11%
Tanaisie commune
11%
Trèfle des prés
11%
Tussilage
11%
Valériane rouge
11%
Véronique des champs
11%
Véronique petit-chêne
11%
Vesce cultivée
11%
Violette odorante
11%
Aconit napel
0%
Aconit tue-loup
0%
Actée en épi
0%
Aigremoine eupatoire
0%
Ail à tête ronde
0%
Alliaire officinale
0%
Ancolie vulgaire
0%
Anémone fausse renoncule
0%
Anémone sylvie
0%
Armoise commune
0%
Aspérule odorante
0%
Aubépine épineuse
0%
Ballote noire
0%
Belladone
0%
Berce commune
0%
Bouillon blanc
0%
Buddléia de David
0%
Bugle rampante
0%
Buplèvre en faux
0%
Cabaret des oiseaux
0%
Caille-lait blanc
0%
Caille-lait jaune
0%
Cardamine des bois
0%
Cardamine hérissée
0%
Cardère poilue
0%
Centaurée jacée
0%
Centaurée scabieuse
0%
Céraiste commun
0%
Céraiste des champs
0%
Cerfeuil des bois
0%
Cerfeuil penché
0%
Compagnon blanc
0%
Corydale solide
0%
Datura officinal
0%
Digitale à grandes fleurs
0%
Digitale jaune
0%
Églantier couleur de rouille
0%
Egopode podagraire
0%
Epiaire des bois
0%
Epilobe à petites fleurs
0%
Epilobe en épi
0%
Epilobe hérissé
0%
Euphorbe épurge
0%
Euphorbe petit-cyprès
0%
Euphorbe réveil-matin
0%
Ficaire fausse renoncule
0%
Gaillet croisette
0%
Galeopside à tige carrée
0%
Geranium à feuilles découpées
0%
Geranium à feuilles rondes
0%
Geranium des Pyrennées
0%
Geranium fluet
0%
Germandrée petit-chêne
0%
Gesse des prés
0%
Grande chélidoine
0%
Hellébore fétide
0%
Hellébore vert
0%
Hippocrépide à toupet
0%
Joubarbe des toits
0%
Jusquiame noire
0%
Knautie des champs
0%
Laiteron des champs
0%
Lamier amplexicaule
0%
Lamier maculé
0%
Lathrée écailleuse
0%
Lentille d’eau à 3 lobes
0%
Lentille d’eau à plusieurs racines
0%
Léontodon d'automne
0%
Lotier corniculé
0%
Luzerne cultivée
0%
Luzerne lupuline
0%
Lysimaque commune
0%
Matricaire inodore
0%
Matricaire odorante
0%
Mauve à feuilles rondes
0%
Mauve musquée
0%
Mauve sylvestre
0%
Mélilot officinal
0%
Mercuriale annuelle
0%
Mercuriale vivace
0%
Millepertuis à 4 ailes
0%
Millepertuis élégant
0%
Millepertuis hérissé
0%
Millepertuis maculé
0%
Millepertuis perforé
0%
Molène noire
0%
Œillet deltoïde
0%
Œillet des chartreux
0%
Œillet velu
0%
Onagre bisannuelle
0%
Orchis abeille
0%
Orchis homme pendu
0%
Orchis mâle
0%
Orobanche du thym
0%
Orobanche pourprée
0%
Orpin blanc
0%
Ortie brûlante
0%
Pariétaire officinale
0%
Patience à feuilles obtuses
0%
Patience crépue
0%
Pensée calaminaire
0%
Pensée des champs
0%
Petit boucage
0%
Petite oseille
0%
Poivre d'eau
0%
Populage des marais
0%
Potentille ansérine
0%
Potentille argentée
0%
Reine-des-prés
0%
Renoncule rampante
0%
Renouée bistorte
0%
Renouée des oiseaux
0%
Renouée du Japon
0%
Salsifis des prés
0%
Sauge des bois
0%
Scabieuse colombaire
0%
Scrofulaire noueuse
0%
Stellaire holostée
0%
Succise des prés
0%
Tabouret des champs
0%
Téesdalie à tige nue
0%
Torilis du Japon
0%
Valériane dioïque
0%
Valériane officinale
0%
Vergerette du Canada
0%
Véronique à feuilles de lierre
0%
Vesce des haies
0%
Vesce hérissée
0%
Vesce jargeau
0%
Violette de Reichenbach
0%
Violette de Rivinus
0%
Violette des chiens
0%
Violette des marais
0%
Violette hérissée
0%
Aucun quiz correspondant
Distribution des résultats
% des personnes avec chaque résultat
Percentile par nombre de réponses
Votre historique - résultats
Vous n’avez pas pris ce quiz